000 00557nam a22002057a 4500
003 OSt
005 20140310182334.0
008 130316t xxu||||| |||| 00| 0 eng d
020 _a0679890955
050 _aE
_bKIL 1994
082 _aE
_bKIL 1994
245 _aPeach and Blue
_cSarah S. Kilborne ; paintings by Steve Johnson and Lou Fancher
260 _aNew York : Knopf
_bDistributed by Random House
_c1994
300 _av, unpage
_c26 cm
521 _aGrade 6
526 _c860L-920L
541 _j1
562 _e1
942 _2lcc
_cBK-GS
_kGS
999 _c12043
_d12043